GETS Theological Seminary Library

中国基督教调研报告集 (Record no. 16938)

MARC details
000 -LEADER
fixed length control field 00705nam a2200205Ia 4500
008 - FIXED-LENGTH DATA ELEMENTS--GENERAL INFORMATION
fixed length control field 200824s9999||||xx |||||||||||||| ||und||
020 ## - INTERNATIONAL STANDARD BOOK NUMBER
International Standard Book Number 7516102717
020 ## - INTERNATIONAL STANDARD BOOK NUMBER
International Standard Book Number 9787516102718
041 ## - LANGUAGE CODE
Language code of text/sound track or separate title chi
050 ## - LIBRARY OF CONGRESS CALL NUMBER
Classification number BR1288
Item number .Z463 2011
110 ## - MAIN ENTRY--CORPORATE NAME
Corporate name or jurisdiction name as entry element 世界宗教研究所基督教调研课题组编
245 #0 - TITLE STATEMENT
Title 中国基督教调研报告集
Remainder of title /
Statement of responsibility, etc. 世界宗教研究所基督教调研课题组编著
246 ## - VARYING FORM OF TITLE
Title proper/short title 中國基督教調研報告集
Remainder of title /
260 ## - PUBLICATION, DISTRIBUTION, ETC.
Place of publication, distribution, etc. 北京:
Name of publisher, distributor, etc. 中国社会科学出版社
Date of publication, distribution, etc. 2011
300 ## - PHYSICAL DESCRIPTION
Extent 6, 570 p. :
Other physical details ill. ; 
Dimensions 21 cm.
650 ## - SUBJECT ADDED ENTRY--TOPICAL TERM
Topical term or geographic name entry element China Church history 20th century.
650 ## - SUBJECT ADDED ENTRY--TOPICAL TERM
Topical term or geographic name entry element China Church history 21st century.
650 ## - SUBJECT ADDED ENTRY--TOPICAL TERM
Topical term or geographic name entry element Christianity China.
Holdings
Withdrawn status Lost status Damaged status Not for loan Home library Current library Shelving location Date acquired Total Checkouts Full call number Barcode Date last seen Price effective from Koha item type
        GETS Theological Seminary Library GETS Theological Seminary Library General Stacks 08/24/2020   BR1288 .Z463 2011 00005121 08/24/2020 08/24/2020 Chinese Book
OpacCredits

Contact the Librarian, GETS Library
Email: library@mygets.org









Implemented by GETS Library
(Powered by ETCA Professional Group)
GETS Theological Seminary
412 E. Rowland Street, CA 91723